Business premises (Record no. 115735)

MARC details
000 -LEADER
fixed length control field 01310cam a2200277 4500
008 - FIXED-LENGTH DATA ELEMENTS--GENERAL INFORMATION
fixed length control field 160316n2015 000 0 eng u
020 ## - INTERNATIONAL STANDARD BOOK NUMBER
International Standard Book Number 9780414034358
035 ## - SYSTEM CONTROL NUMBER
System control number (Sirsi) u159196
041 ## - LANGUAGE CODE
Language code of text/sound track or separate title eng
050 ## - LIBRARY OF CONGRESS CALL NUMBER
Classification number 346.4104343
100 ## - MAIN ENTRY--PERSONAL NAME
Personal name Webber, Gary
245 ## - TITLE STATEMENT
Title Business premises
Remainder of title possession and lease renewal
250 ## - EDITION STATEMENT
Edition statement 5th ed.
260 ## - PUBLICATION, DISTRIBUTION, ETC.
Place of publication, distribution, etc. London
Name of publisher, distributor, etc. Sweet and Maxwell
Date of publication, distribution, etc. 2015
300 ## - PHYSICAL DESCRIPTION
Extent lx, 698p.
Dimensions 24cm
520 ## - SUMMARY, ETC.
Summary, etc. A guide to the legal and procedural aspects of possession and lease renewal of business tenancies. Looks at applicatIon of the Landlord and Tenant Act 1954 Part II, contracting out of the 1954 Act, possession without a lease, assignment of the landlord's interest, licences of business premises, forfeiture, non-payment of rent, assignment and subletting, relief from forteiture, termination by notice and grounds for giving notice, dealing with possession claims, peaceable re-entry and applications for a new tenancy and paying interim rent. Extensive referencing to case law throughout.
590 ## - LOCAL NOTE (RLIN)
Local note KA
650 ## - SUBJECT ADDED ENTRY--TOPICAL TERM
Topical term or geographic name entry element LANDLORD AND TENANT ACT 1954 PART II
650 ## - SUBJECT ADDED ENTRY--TOPICAL TERM
Topical term or geographic name entry element FORFEITURE
650 ## - SUBJECT ADDED ENTRY--TOPICAL TERM
Topical term or geographic name entry element LEASES
650 ## - SUBJECT ADDED ENTRY--TOPICAL TERM
Topical term or geographic name entry element TERMINATION
651 #4 - SUBJECT ADDED ENTRY--GEOGRAPHIC NAME
Geographic name ENGLAND AND WALES
690 ## - LOCAL SUBJECT ADDED ENTRY--TOPICAL TERM (OCLC, RLIN)
Topical term or geographic name as entry element Landlord and tenant
9 (RLIN) 6252
690 ## - LOCAL SUBJECT ADDED ENTRY--TOPICAL TERM (OCLC, RLIN)
Topical term or geographic name as entry element Commercial property
9 (RLIN) 6227
942 ## - ADDED ENTRY ELEMENTS (KOHA)
Suppress in OPAC 0
Holdings
Withdrawn status Lost status Source of classification or shelving scheme Damaged status Not for loan Home library Current library Shelving location Date acquired Total Checkouts Full call number Barcode Date last seen Copy number Price effective from Koha item type
    Dewey Decimal Classification     London London Books 16/03/2016   346.4104343 WEB 30078987 06/08/2019 1 06/08/2019 Book